| 000 | 00550nam a2200193Ia 4500 | ||
|---|---|---|---|
| 005 | 20240913130039.0 | ||
| 008 | 240913s9999||||xx |||||||||||||| ||und|| | ||
| 020 | _a1-879105-68-3 | ||
| 041 | _aENGLISH | ||
| 082 | _A617.89 N2 | ||
| 100 | _aMueller,Gustav H | ||
| 245 | 0 | _aProbe Microphone Measurements : Hearing aid Selection and Assessment | |
| 250 | _a1st | ||
| 260 |
_c1992 _bSingular Publishing Group |
||
| 500 | _aREFERENCE | ||
| 650 |
_aAudiology Speech and Language Pathology _bAllied Health Science |
||
| 942 | _cREF | ||
| 999 |
_c246846 _d246846 |
||